Countries Birendra of Nepal Visited - Statistics

General Stats
  • This quiz has been taken 25 times
  • The average score is 10 of 12
Answer Stats
Continent Country % Correct
Asia China
94%
Asia India
94%
Europe United Kingdom
94%
North America United States of America
94%
Oceania Australia
89%
Asia/ Europe Russia
83%
Africa Egypt
78%
Europe Germany
72%
North America Cuba
67%
Asia Japan
67%
Asia Saudi Arabia
61%
Europe Denmark
56%
No matching quizzes found
Score Distribution
Percent of People with Each Score
Percentile by Number Answered
Your Score History
You have not taken this quiz